Literatura y cultura : (Registro nro. 6624)
[ vista simple ]
| 000 -LEADER | |
|---|---|
| fixed length control field | 01067cam a2200277 a 4500 |
| 003 - CONTROL NUMBER IDENTIFIER | |
| control field | OSt |
| 005 - DATE AND TIME OF LATEST TRANSACTION | |
| control field | 20250415144707.0 |
| 008 - FIXED-LENGTH DATA ELEMENTS--GENERAL INFORMATION | |
| fixed length control field | 001012s20000000ck r 0 spa d |
| 020 ## - INTERNATIONAL STANDARD BOOK NUMBER | |
| International Standard Book Number | 9588052483 |
| 040 ## - CATALOGING SOURCE | |
| Original cataloging agency | CO-BoPUJ |
| Transcribing agency | CO-JMCR |
| 082 04 - DEWEY DECIMAL CLASSIFICATION NUMBER | |
| Classification number | A-N |
| Edition number | JARl |
| 100 1# - MAIN ENTRY--PERSONAL NAME | |
| Personal name | Jaramillo, María Mercedes, |
| Relator term | autora |
| 9 (RLIN) | 1074 |
| 245 #0 - TITLE STATEMENT | |
| Title | Literatura y cultura : |
| Remainder of title | narrativa colombiana del siglo XX / |
| Statement of responsibility, etc. | Compilación y edición Maria Mercedes Jaramillo, Betty Osorio, Angela Ines Robledo |
| 250 ## - EDITION STATEMENT | |
| Edition statement | 1a edición |
| 260 ## - PUBLICATION, DISTRIBUTION, ETC. | |
| Place of publication, distribution, etc. | Colombia : |
| Name of publisher, distributor, etc. | Ministerio de cultura, |
| Date of publication, distribution, etc. | 2000 |
| 300 ## - PHYSICAL DESCRIPTION | |
| Extent | 640 páginas ; |
| Dimensions | 21 cm. |
| 440 #0 - SERIES STATEMENT/ADDED ENTRY--TITLE | |
| Title | Beca de Excelencia |
| 9 (RLIN) | 1075 |
| 504 ## - BIBLIOGRAPHY, ETC. NOTE | |
| Bibliography, etc. note | Incluye referencias bibliográficas: |
| Number of references | 100 |
| 505 ## - FORMATTED CONTENTS NOTE | |
| Formatted contents note | Vol. 3. Hibridez, alteridades. |
| 650 24 - SUBJECT ADDED ENTRY--TOPICAL TERM | |
| Topical term or geographic name entry element | Autores colombianos |
| 9 (RLIN) | 1076 |
| 650 24 - SUBJECT ADDED ENTRY--TOPICAL TERM | |
| Topical term or geographic name entry element | Literatura colombiana |
| General subdivision | Historia y critica |
| Chronological subdivision | Siglo XX |
| 9 (RLIN) | 1077 |
| 700 1# - ADDED ENTRY--PERSONAL NAME | |
| Personal name | Jaramillo Jaramillo, María Mercedes, |
| Relator term | Compiladora |
| 9 (RLIN) | 1078 |
| 700 1# - ADDED ENTRY--PERSONAL NAME | |
| Personal name | Osorio Garcés, María Betty |
| Relator term | Compiladora |
| 9 (RLIN) | 1079 |
| 700 1# - ADDED ENTRY--PERSONAL NAME | |
| Personal name | Robledo, Angela Ines |
| Relator term | Compiladora |
| 9 (RLIN) | 1080 |
| 942 ## - ADDED ENTRY ELEMENTS (KOHA) | |
| Source of classification or shelving scheme | Dewey Decimal Classification |
| Koha item type | Books |
| Withdrawn status | Lost status | Source of classification or shelving scheme | Damaged status | Not for loan | Home library | Current library | Shelving location | Date acquired | Source of acquisition | Cost, normal purchase price | Total Checkouts | Full call number | Barcode | Date last seen | Date last checked out | Copy number | Price effective from | Koha item type |
|---|---|---|---|---|---|---|---|---|---|---|---|---|---|---|---|---|---|---|
| Dewey Decimal Classification | Biblioteca Pública José María del Castillo y Rada | Biblioteca Pública José María del Castillo y Rada | Processing Center | 12/19/2019 | Donación | 0.00 | 1 | A-N JARl | 201808305 | 07/16/2024 | 07/16/2024 | Ej.1 | 03/02/2020 | Books |